000 00594cam a2200205 4500500
005 20260329005139.0
041 _afre
042 _adc
100 1 0 _aEnjalbert, Cédric
_eauthor
245 0 0 _aLe démon de l’intuition
260 _c2022.
500 _a28
690 _aChoix
690 _aDaniel Kahneman
690 _aDécision
690 _aHenri Bergson
690 _aIntuition
786 0 _nPhilosophie magazine | 162 | 9 | 2022-09-01 | p. 24-24 | 1951-1787
856 4 1 _uhttps://shs.cairn.info/magazine-philosophie-magazine-2022-9-page-24?lang=fr&redirect-ssocas=7080
999 _c1840728
_d1840728